000 00354nam a2200157Ia 4500
005 20250411015516.0
008 240331s9999 xx 000 0 und d
020 _a9552003067
082 _bSIR
_a891
100 _aSiriwardena,D
245 0 _aAyoma - II
260 _aColombo
_bGodage & Sons
_c1990
300 _a340 p .,
650 _aNovel
942 _cL
999 _c5451
_d5451